书目信息 |
| 题名: |
砌筑工
|
|
| 作者: | ;中央农业广播电视学校 组编 | |
| 分册: | ||
| 出版信息: | 北京 中国农业大学出版社 2007.03 |
|
| 页数: | 166页 | |
| 开本: | 21cm | |
| 丛书名: | ||
| 单 册: | ||
| 中图分类: | TU754.2 | |
| 科图分类: | ||
| 主题词: | 砌筑--qi zhu--技术培训--教材 | |
| 电子资源: | ||
| ISBN: | 978-7-81117-138-9 | |
| 000 | 00852nam0 2200241 450 | |
| 001 | 012007603841 | |
| 005 | 20080114101042.37 | |
| 010 | @a978-7-81117-138-9@dCNY8.60 | |
| 100 | @a20071027d2007 km y0chiy0120 ea | |
| 101 | 0 | @achi |
| 102 | @aCN@b110000 | |
| 105 | @aa z 000yy | |
| 106 | @ar | |
| 200 | 1 | @a砌筑工@Aqi zhu gong@f中央农业广播电视学校组编@Fzhong yang nong ye guang bo dian shi xue xiao zu bian |
| 210 | @a北京@c中国农业大学出版社@d2007.03 | |
| 215 | @a166页@c图@d21cm | |
| 300 | @a农村劳动力转移职业技能培训教材 | |
| 330 | @a本书主要介绍了建筑识图与房屋构造、砌体工程材料、砌筑工具与设备、砌筑工程等。 | |
| 606 | 0 | @a砌筑@Aqi zhu@x技术培训@j教材 |
| 690 | @aTU754.2@v4 | |
| 711 | 02 | @a中央农业广播电视学校@Azhong yang nong ye guang bo dian shi xue xiao@4组编 |
| 801 | 0 | @aCN@bQSSK@c20080114 |
| 905 | @b278330-32@dTU754.2@eZ712@f3 | |
| 砌筑工/中央农业广播电视学校组编.-北京:中国农业大学出版社,2007.03 |
| 166页:图;21cm |
| 农村劳动力转移职业技能培训教材 |
| ISBN 978-7-81117-138-9:CNY8.60 |
| 本书主要介绍了建筑识图与房屋构造、砌体工程材料、砌筑工具与设备、砌筑工程等。 |
| ● |
| 相关链接 |
|
|
|
正题名:砌筑工
索取号:TU754.2/Z712
 
预约/预借
| 序号 | 登录号 | 条形码 | 馆藏地/架位号 | 状态 | 备注 |
| 1 | 278330 | 202783309 | 建筑库201/201建筑库 72排2列2层/ [索取号:TU754.2/Z712] | 在馆 | |
| 2 | 278331 | 202783318 | 建筑库201/201建筑库 72排2列2层/ [索取号:TU754.2/Z712] | 在馆 | |
| 3 | 278332 | 202783327 | 建筑库201/201建筑库 72排2列1层/ [索取号:TU754.2/Z712] | 在馆 |